000
00275nam a2200097Ia 4500
082
_a
070.92|POLE
245
0
_a
My father, my monster
100
_a
Polela, McIntosh Auckland Park, South Africa, 2011
_9
43224
942
_c
BK
008
210817s9999 xx 000 0 und d
999
_c
161520
_d
161519